| 000 | 01010cam a22002771 4500 | ||
|---|---|---|---|
| 001 | gs 46000022 | ||
| 003 | DLC | ||
| 005 | 20260227111351.0 | ||
| 008 | 790612s1946 sduab b s000 0 eng c | ||
| 010 | _ags 46000022 | ||
| 035 | _a(OCoLC)5057324 | ||
| 040 |
_aU.S. Geol. Survey. Library _cTxCM _dOCoLC _dDLC |
||
| 042 | _apremarc | ||
| 050 | 0 | 0 |
_aQE164.M5 _bP4 |
| 082 | _a557.83 | ||
| 100 | 1 |
_aPetsch, Bruno Carl, _d1901- |
|
| 245 | 1 | 0 |
_aGeology of the Missouri Valley in South Dakota, _cby Bruno C. Petsch. |
| 260 |
_aVermillion, S.D., _bUniversity of South Dakota, _c1946. |
||
| 300 |
_a3 p. l., 78 p. _bmaps, profiles, diagrs. _c28 cm. |
||
| 490 | 0 |
_aSouth Dakota. State Geologist. Report of investigations, _vno. 53 |
|
| 500 | _aAt head of title: State of South Dakota ... State Geological Survey ... | ||
| 500 | _aPart of illustrative matter is folded in pocket. | ||
| 504 | _aBibliographical foot-notes. | ||
| 650 | 0 |
_aGeology _zSouth Dakota _zMissouri Valley. |
|
| 651 | 0 | _aMissouri River Valley. | |
| 999 |
_c28058 _d28058 |
||